000 00399nam a2200145Ia 4500
008 231217s9999 xx 000 0 und d
041 _aEnglish
082 _a338.4767 CHO.2;1 R
100 _aChowdary, Nagendra V ed.
245 0 _aWorld class manufacturing V.2 : concepts and cases
260 _c2003
_bIcfai
_aHyderabad
300 _axv, 171+A10
650 _amanufacturing,V.2
942 _cAA
999 _c187211
_d187211